000 00439 a2200145 4500
005 20250621114148.0
020 _a1 85339 561 7
082 _a332.06 MIC
245 _aMicrofinance: Evaluation Achievements and Challenges.
260 _aLondon,
_bPractical Action,
_c2003.
300 _avii,182p.: ill.; figure, table
_c23cm
700 _aHARPER, M.
856 _yAccess Online Book
_fMicrofinance
_dwww.itdgpublishing.org.uk
942 _2ddc
_cBKS
999 _c506
_d506